Intermediate Microeconomics (Record no. 348026)

000 -LEADER
fixed length control field 00333 a2200145 4500
082 ## - DEWEY DECIMAL CLASSIFICATION NUMBER
Classification number 338.5
090 ## - LOCALLY ASSIGNED LC-TYPE CALL NUMBER (OCLC); LOCAL CALL NUMBER (RLIN)
-- 5623
-- 5623
100 ## - MAIN ENTRY--PERSONAL NAME
Personal name Varian,Hal R.
245 ## - TITLE STATEMENT
Title Intermediate Microeconomics
Statement of responsibility, etc. Hal R.Varian
250 ## - EDITION STATEMENT
Edition statement 6th
260 ## - PUBLICATION, DISTRIBUTION, ETC.
Place of publication, distribution, etc. London
Name of publisher, distributor, etc. W.W.Norton
300 ## - PHYSICAL DESCRIPTION
Extent 688p
500 ## - GENERAL NOTE
General note Paper cover
942 ## - ADDED ENTRY ELEMENTS (KOHA)
Institution code [OBSOLETE] NBS
Koha item type Book
Call number prefix 338.5 VAR
Holdings
Withdrawn status Lost status Damaged status Not for loan Permanent Location Current Location Date acquired Total Checkouts Total Renewals Full call number Barcode Date last seen Date last checked out Price effective from Koha item type
        Central Library (CL) Central Library (CL) 08/28/2013 9 1 338.5 VAR NBS5537 08/22/2023 06/14/2023 08/28/2013 Book
© 2023 Central Library, National University of Sciences and Technology. All Rights Reserved.